Normal view
MARC view
- تأليف الحسيناوي، علي جبار صالح
Entry Personal Name
001 - CONTROL NUMBER
- control field: 45970
003 - CONTROL NUMBER IDENTIFIER
- control field: JO-AjAnu
005 - DATE AND TIME OF LATEST TRANSACTION
- control field: 20230606081612.0
008 - FIXED-LENGTH DATA ELEMENTS
- fixed length control field: 230606|| aca||aabn | a|a d
040 ## - CATALOGING SOURCE
- Original cataloging agency: JO-AjAnu
- Transcribing agency: JO-AjAnu
100 ## - HEADING--PERSONAL NAME
- Personal name: تأليف الحسيناوي، علي جبار صالح
670 ## - SOURCE DATA FOUND
- Source citation: Work cat.: (JO-AjAnu)23534: تأليف الحسيناوي، علي جبار صالح, author, جرائم الخطف : دراسة مقارنة لقوانين دول كل من الأردن - العراق - فلسطين - لبنان - مصر - ليبيا - فرنسا - الجزائر - تونس - قطر - المغرب - سوريا - سلطنة عمان - السودان